Ricostruisci la Carriera del Calciatore - Amir Rrahmani - Statistics

Statistiche generali
  • Questo quiz è stato fatto 21 volte
  • Il punteggio medio è 5 su 7
Statistiche sulle risposte
Hint Risposta % Corretto
2020- Napoli
87%
2019-2020 Verona
87%
2017-2019 Dinamo Zagabria
67%
2011-2013 Drenica
67%
2015-2016 RNK Spalato
67%
2016-2017 Lokomotiva Zagabria
60%
2013-2015 Partizani Tirana
60%
Nessun quiz corrispondente trovato
Distribuzione punteggi
Percentuale di utenti per punteggio
Percentile per numero di risposta
I tuoi punteggi nel tempo
Non hai fatto questo quiz